State of India's livelihoods report 2014 / (Record no. 21109)

MARC details
000 -LEADER
fixed length control field 01289cam a2200373 i 4500
001 - ACCESSION NUMBER
control field 25216
003 - CONTROL NUMBER IDENTIFIER
control field CUTN
005 - DATE AND TIME OF LATEST TRANSACTION
control field 20170314115832.0
008 - FIXED-LENGTH DATA ELEMENTS--GENERAL INFORMATION
fixed length control field 150102s2015 ii a b 000 0 eng d
010 ## - LIBRARY OF CONGRESS CONTROL NUMBER
LC control number 2015306740
020 ## - INTERNATIONAL STANDARD BOOK NUMBER
International Standard Book Number 9780199458271 (pbk.)
020 ## - INTERNATIONAL STANDARD BOOK NUMBER
International Standard Book Number 0199458278 (pbk.)
025 ## - OVERSEAS ACQUISITION NUMBER
Overseas acquisition number I-E-2015306740
035 ## - SYSTEM CONTROL NUMBER
System control number (OCoLC)ocn899729962
035 ## - SYSTEM CONTROL NUMBER
System control number (OCoLC)899729962
Canceled/invalid control number (OCoLC)900438645
037 ## - SOURCE OF ACQUISITION
Source of stock number/acquisition Library of Congress -- New Delhi Overseas Office
040 ## - CATALOGING SOURCE
Original cataloging agency DKAGE
Language of cataloging eng
Transcribing agency DKAGE
Description conventions rda
Modifying agency OCLCO
-- YDXCP
-- OCLCF
-- DLC
042 ## - AUTHENTICATION CODE
Authentication code lccopycat
-- lcode
043 ## - GEOGRAPHIC AREA CODE
Geographic area code a-ii---
050 00 - LIBRARY OF CONGRESS CALL NUMBER
Classification number HC440.E5
Item number D367 2015
082 04 - DEWEY DECIMAL CLASSIFICATION NUMBER
Classification number 338.954
Edition number 23
100 1# - MAIN ENTRY--PERSONAL NAME
Personal name Datta, Sankar,
Relator term author.
245 10 - TITLE STATEMENT
Title State of India's livelihoods report 2014 /
Statement of responsibility, etc contributors, Sankar Datta [and five others].
250 ## - EDITION STATEMENT
Edition statement First edition.
300 ## - PHYSICAL DESCRIPTION
Extent xiv, 110 pages :
Other physical details illustrations (color) ;
Dimensions 28 cm
500 ## - GENERAL NOTE
General note "An ACCESS Publication"--Cover.
504 ## - BIBLIOGRAPHY, ETC. NOTE
Bibliography, etc Includes bibliographical references.
650 #0 - SUBJECT ADDED ENTRY--TOPICAL TERM
Topical term or geographic name as entry element Sustainable development
Geographic subdivision India.
650 #0 - SUBJECT ADDED ENTRY--TOPICAL TERM
Topical term or geographic name as entry element Sustainable development reporting
Geographic subdivision India.
710 2# - ADDED ENTRY--CORPORATE NAME
Corporate name or jurisdiction name as entry element Access Development Services,
Relator term issuing body.
906 ## - LOCAL DATA ELEMENT F, LDF (RLIN)
a 7
b cbc
c copycat
d 3
e ncip
f 20
g y-gencatlg
942 ## - ADDED ENTRY ELEMENTS (KOHA)
Source of classification or shelving scheme Dewey Decimal Classification
Koha item type Text Books
Holdings
Date last seen Total Checkouts Full call number Barcode Date checked out Price effective from Koha item type Lost status Source of classification or shelving scheme Damaged status Not for loan Withdrawn status Home library Current library Shelving location Date acquired
13/04/2017 1 338.954 25216 25/03/2017 14/03/2017 Text Books   Dewey Decimal Classification       CUTN Central Library CUTN Central Library Generalia 14/03/2017